000 00373nam a2200145Ia 4500
008 240624s9999 xx 000 0 und d
041 _aeng
082 _a512.0076 JOH
100 _aJOHNSON MILDRED
245 _aHOW TO SOLVE WORD PROBLEMS IN ALGEBRA A
250 _a(2nd ed.)
260 _c2000
_aNew York
_bMcGraw-Hill
300 _axi, : 196 : p. ; 21cm.
365 _c
_b25
999 _c4378
_d4378